[Event "DVM U12 2022"]
[Site "München GER"]
[Date "2022.12.30"]
[Round "7"]
[White "Rodriguez Klasen, Ennio"]
[Black "Klein, Levent"]
[Result "1/2-1/2"]
[Termination "normal"]
[Board "1.1"]
[WhiteElo "1365"]
[BlackElo "1584"]
[WhiteClock "00:21:50"]
[BlackClock "00:07:02"]
[WhiteTeam "SV Empor Berlin"]
[BlackTeam "SG Kaiserslautern 1905"]
[PlyCount "76"]
[WhiteFideId "16277414"]
[BlackFideId "34611274"]
[EventCountry "GER"]
[EventRounds "7"]
[EventType "team-swiss"]
[EventDate "2022.12.26"]

1. Nf3 {[%clk 01:30:59]} d5 {[%clk 01:30:15]} {[%emt 00:00:45]} 2. g3 {[%clk
01:31:24]} {[%emt 00:00:06]} Bf5 {[%clk 01:30:13]} {[%emt 00:00:32]} 3. Bg2
{[%clk 01:31:35]} {[%emt 00:00:19]} Nf6 {[%clk 01:29:00]} {[%emt 00:01:42]} 4.
d4 {[%clk 01:31:41]} {[%emt 00:00:24]} e6 {[%clk 01:29:12]} {[%emt 00:00:18]}
5. O-O {[%clk 01:31:45]} {[%emt 00:00:26]} c5 {[%clk 01:29:06]} {[%emt
00:00:37]} 6. dxc5 {[%clk 01:30:59]} {[%emt 00:01:17]} Bxc5 {[%clk 01:28:42]}
{[%emt 00:00:53]} 7. c4 {[%clk 01:29:57]} {[%emt 00:01:33]} Nc6 {[%clk
01:11:06]} {[%emt 00:18:06]} 8. cxd5 {[%clk 01:29:14]} {[%emt 00:01:13]} Nxd5
{[%clk 01:08:00]} {[%emt 00:03:36]} 9. Qa4 {[%clk 01:25:55]} {[%emt 00:03:50]}
Qa5 {[%clk 00:50:28]} {[%emt 00:18:01]} 10. Qxa5 {[%clk 01:24:40]} {[%emt
00:01:45]} Nxa5 {[%clk 00:50:51]} {[%emt 00:00:06]} 11. Nbd2 {[%clk 01:24:08]}
{[%emt 00:01:03]} Ne7 {[%clk 00:49:03]} {[%emt 00:02:18]} 12. a3 {[%clk
01:23:14]} {[%emt 00:01:24]} Nac6 {[%clk 00:47:12]} {[%emt 00:02:20]} 13. b4
{[%clk 01:23:08]} {[%emt 00:00:37]} Bb6 {[%clk 00:46:03]} {[%emt 00:01:39]} 14.
e4 {[%clk 01:22:46]} {[%emt 00:00:52]} Bg6 {[%clk 00:43:51]} {[%emt 00:02:42]}
15. Nc4 {[%clk 01:19:14]} {[%emt 00:04:02]} Bc7 {[%clk 00:40:02]} {[%emt
00:04:18]} 16. Re1 {[%clk 01:00:38]} {[%emt 00:19:07]} Rd8 {[%clk 00:37:24]}
{[%emt 00:03:07]} 17. Bb2 {[%clk 00:57:24]} {[%emt 00:03:44]} O-O {[%clk
00:35:57]} {[%emt 00:01:57]} 18. Nfe5 {[%clk 00:53:55]} {[%emt 00:03:59]} b5
{[%clk 00:30:34]} {[%emt 00:05:53]} 19. Nxc6 {[%clk 00:41:42]} {[%emt
00:12:43]} Nxc6 {[%clk 00:30:45]} {[%emt 00:00:19]} 20. Ne3 {[%clk 00:40:39]}
{[%emt 00:01:33]} Bb6 {[%clk 00:26:52]} {[%emt 00:04:23]} 21. Rad1 {[%clk
00:33:14]} {[%emt 00:07:55]} Bh5 {[%clk 00:19:33]} {[%emt 00:07:49]} 22. g4
{[%clk 00:32:11]} {[%emt 00:01:33]} Rxd1 {[%clk 00:17:50]} {[%emt 00:02:13]}
23. Rxd1 {[%clk 00:32:06]} {[%emt 00:00:23]} Bxe3 {[%emt 00:08:41]} 24. gxh5
{[%clk 00:31:57]} {[%emt 00:02:34]} Bf4 {[%clk 00:12:30]} {[%emt 00:05:34]} 25.
Rd7 {[%clk 00:29:52]} {[%emt 00:02:35]} Rd8 {[%clk 00:09:59]} {[%emt 00:03:01]}
26. Rxd8 {[%clk 00:27:01]} {[%emt 00:03:20]} Nxd8 {[%clk 00:10:20]} {[%emt
00:00:08]} 27. Bf1 {[%clk 00:24:25]} {[%emt 00:03:07]} a6 {[%clk 00:10:18]}
{[%emt 00:00:32]} 28. a4 {[%clk 00:24:05]} {[%emt 00:00:50]} Nc6 {[%clk
00:09:36]} {[%emt 00:01:12]} 29. axb5 {[%clk 00:22:43]} {[%emt 00:01:52]} axb5
{[%clk 00:09:41]} {[%emt 00:00:25]} 30. Bc3 {[%clk 00:22:21]} {[%emt 00:00:52]}
Bd6 {[%clk 00:09:20]} {[%emt 00:00:50]} 31. Bxb5 {[%clk 00:22:36]} {[%emt
00:00:16]} Nxb4 {[%clk 00:08:14]} {[%emt 00:01:36]} 32. Bxb4 {[%clk 00:22:55]}
{[%emt 00:00:11]} Bxb4 {[%clk 00:08:36]} {[%emt 00:00:08]} 33. Be2 {[%clk
00:23:05]} {[%emt 00:00:21]} Kf8 {[%clk 00:08:55]} {[%emt 00:00:10]} 34. Kg2
{[%clk 00:23:16]} {[%emt 00:00:19]} Ke7 {[%clk 00:09:13]} {[%emt 00:00:12]} 35.
f4 {[%clk 00:22:39]} {[%emt 00:01:08]} f5 {[%clk 00:08:53]} {[%emt 00:00:49]}
36. Kf3 {[%clk 00:22:06]} {[%emt 00:01:03]} fxe4 {[%clk 00:07:21]} {[%emt
00:02:02]} 37. Kxe4 {[%clk 00:22:01]} {[%emt 00:00:33]} h6 {[%clk 00:07:02]}
{[%emt 00:00:50]} 38. h3 {[%clk 00:21:50]} {[%emt 00:00:41]} Bd6 {[%emt
00:00:35]} 1/2-1/2

[Event "DVM U12 2022"]
[Site "München GER"]
[Date "2022.12.30"]
[Round "7"]
[White "Freude, Paul"]
[Black "Klein, Deniz"]
[Result "1-0"]
[Termination "normal"]
[Board "1.3"]
[WhiteElo "1491"]
[BlackElo "1362"]
[WhiteClock "00:26:39"]
[BlackClock "00:15:09"]
[WhiteTeam "SV Empor Berlin"]
[BlackTeam "SG Kaiserslautern 1905"]
[PlyCount "57"]
[WhiteFideId "16280717"]
[BlackFideId "34611282"]
[EventCountry "GER"]
[EventRounds "7"]
[EventType "team-swiss"]
[EventDate "2022.12.26"]

1. e4 {[%clk 01:30:53]} {[%emt 00:00:06]} c5 {[%clk 01:30:52]} {[%emt
00:00:08]} 2. b3 {[%clk 01:30:58]} {[%emt 00:00:26]} Nf6 {[%clk 01:26:56]}
{[%emt 00:04:26]} 3. e5 {[%clk 01:29:25]} {[%emt 00:02:03]} Nd5 {[%clk
01:26:02]} {[%emt 00:01:23]} 4. Bb2 {[%clk 01:27:36]} {[%emt 00:02:19]} Nc6
{[%clk 01:23:24]} {[%emt 00:03:08]} 5. Bc4 {[%clk 01:25:18]} {[%emt 00:02:49]}
Nb6 {[%clk 01:21:42]} {[%emt 00:02:12]} 6. Bb5 {[%clk 01:25:09]} {[%emt
00:00:39]} Qc7 {[%clk 01:17:28]} {[%emt 00:04:44]} 7. f4 {[%clk 01:17:45]}
{[%emt 00:07:54]} d6 {[%clk 01:12:18]} {[%emt 00:05:39]} 8. Bxc6 {[%clk
01:16:48]} {[%emt 00:01:27]} Qxc6 {[%clk 01:12:30]} {[%emt 00:00:17]} 9. Qe2
{[%clk 01:11:16]} {[%emt 00:06:03]} e6 {[%clk 00:56:26]} {[%emt 00:16:34]} 10.
Nf3 {[%clk 01:09:51]} {[%emt 00:01:55]} Nd7 {[%clk 00:51:32]} {[%emt 00:05:24]}
11. O-O {[%clk 01:07:44]} {[%emt 00:02:38]} dxe5 {[%clk 00:48:18]} {[%emt
00:03:44]} 12. fxe5 {[%clk 01:07:02]} {[%emt 00:01:13]} Be7 {[%clk 00:47:00]}
{[%emt 00:01:47]} 13. d3 {[%clk 01:02:08]} {[%emt 00:05:24]} O-O {[%clk
00:46:08]} {[%emt 00:01:22]} 14. Nbd2 {[%clk 01:02:01]} {[%emt 00:00:37]} b5
{[%clk 00:43:13]} {[%emt 00:03:25]} 15. Ne4 {[%clk 00:58:31]} {[%emt 00:04:01]}
Bb7 {[%clk 00:41:31]} {[%emt 00:02:10]} 16. Rae1 {[%clk 00:49:36]} {[%emt
00:09:26]} a6 {[%clk 00:37:24]} {[%emt 00:04:36]} 17. Qf2 {[%clk 00:49:17]}
{[%emt 00:00:48]} Rac8 {[%clk 00:36:08]} {[%emt 00:01:47]} 18. Qg3 {[%clk
00:48:19]} {[%emt 00:01:28]} Kh8 {[%clk 00:33:04]} {[%emt 00:03:34]} 19. Nd6
{[%clk 00:42:30]} {[%emt 00:06:19]} Rb8 {[%clk 00:29:48]} {[%emt 00:03:46]} 20.
Ng5 {[%clk 00:41:23]} {[%emt 00:01:38]} Bxg5 {[%clk 00:28:42]} {[%emt
00:01:35]} 21. Qxg5 {[%clk 00:37:09]} {[%emt 00:04:44]} Kg8 {[%clk 00:27:14]}
{[%emt 00:01:58]} 22. Re3 {[%clk 00:33:59]} {[%emt 00:03:39]} Ba8 {[%clk
00:21:59]} {[%emt 00:05:44]} 23. Rg3 {[%clk 00:33:21]} {[%emt 00:01:10]} g6
{[%clk 00:22:10]} {[%emt 00:00:19]} 24. Ne4 {[%clk 00:30:07]} {[%emt 00:03:44]}
Rfd8 {[%clk 00:16:12]} {[%emt 00:06:27]} 25. Qh6 {[%clk 00:26:27]} {[%emt
00:04:11]} Nf8 {[%clk 00:15:18]} {[%emt 00:01:23]} 26. Nf6 {[%clk 00:26:39]}
{[%emt 00:00:19]} Kh8 {[%clk 00:15:38]} {[%emt 00:00:10]} 27. Nxh7 {[%clk
00:26:19]} {[%emt 00:00:51]} Nxh7 {[%clk 00:15:31]} {[%emt 00:00:37]} 28. Rxf7
{[%clk 00:26:39]} {[%emt 00:00:10]} Rd7 {[%clk 00:15:09]} {[%emt 00:00:51]} 29.
Qxh7# {[%emt 00:00:09]} 1-0

[Event "DVM U12 2022"]
[Site "München GER"]
[Date "2022.12.30"]
[Round "7"]
[White "Hahn, Julian"]
[Black "Jankowski, Antoni"]
[Result "1/2-1/2"]
[Termination "normal"]
[Board "1.4"]
[WhiteElo "1214"]
[BlackElo "1119"]
[WhiteClock "00:17:11"]
[BlackClock "01:18:54"]
[WhiteTeam "SG Kaiserslautern 1905"]
[BlackTeam "SV Empor Berlin"]
[PlyCount "126"]
[WhiteFideId "34640436"]
[BlackFideId "21076642"]
[EventCountry "GER"]
[EventRounds "7"]
[EventType "team-swiss"]
[EventDate "2022.12.26"]

1. e4 {[%clk 01:30:57]} {[%emt 00:00:02]} c6 {[%clk 01:30:52]} {[%emt
00:00:09]} 2. Nc3 {[%clk 01:31:00]} {[%emt 00:00:27]} d5 {[%clk 01:31:21]}
{[%emt 00:00:01]} 3. Nf3 {[%clk 01:30:42]} {[%emt 00:00:48]} dxe4 {[%clk
01:31:18]} {[%emt 00:00:33]} 4. Nxe4 {[%clk 01:31:02]} {[%emt 00:00:09]} Nf6
{[%clk 01:31:17]} {[%emt 00:00:31]} 5. Qe2 {[%clk 01:30:49]} {[%emt 00:00:43]}
e6 {[%clk 01:31:02]} {[%emt 00:00:45]} 6. d4 {[%clk 01:27:00]} {[%emt
00:04:19]} Be7 {[%clk 01:30:38]} {[%emt 00:00:54]} 7. Bg5 {[%clk 01:22:32]}
{[%emt 00:04:59]} h6 {[%clk 01:29:50]} {[%emt 00:01:18]} 8. Bh4 {[%clk
01:21:38]} {[%emt 00:01:24]} Nbd7 {[%clk 01:29:12]} {[%emt 00:01:08]} 9. O-O-O
{[%clk 01:18:15]} {[%emt 00:03:54]} b5 {[%clk 01:29:07]} {[%emt 00:00:35]} 10.
Nc5 {[%clk 01:03:45]} {[%emt 00:14:59]} Qc7 {[%clk 01:27:12]} {[%emt 00:02:23]}
11. b4 {[%clk 00:57:44]} {[%emt 00:06:33]} a5 {[%clk 01:27:08]} {[%emt
00:00:34]} 12. a3 {[%clk 00:53:05]} {[%emt 00:05:10]} axb4 {[%clk 01:25:54]}
{[%emt 00:01:43]} 13. axb4 {[%clk 00:52:08]} {[%emt 00:01:27]} Nd5 {[%clk
01:25:18]} {[%emt 00:01:05]} 14. Kd2 {[%clk 00:42:02]} {[%emt 00:10:36]} Nxb4
{[%clk 01:22:27]} {[%emt 00:03:21]} 15. Bg3 {[%clk 00:37:26]} {[%emt 00:05:07]}
Qd8 {[%clk 01:20:27]} {[%emt 00:02:30]} 16. Ke1 {[%clk 00:35:53]} {[%emt
00:02:03]} Ra2 {[%clk 01:17:12]} {[%emt 00:03:45]} 17. Rc1 {[%clk 00:29:39]}
{[%emt 00:06:44]} Nxc5 {[%clk 01:15:32]} {[%emt 00:02:09]} 18. dxc5 {[%clk
00:28:11]} {[%emt 00:01:58]} Bxc5 {[%clk 01:15:44]} {[%emt 00:00:18]} 19. Qe4
{[%clk 00:24:42]} {[%emt 00:03:59]} Qd5 {[%clk 01:14:25]} {[%emt 00:01:48]} 20.
Qxd5 {[%clk 00:23:30]} {[%emt 00:01:43]} exd5 {[%clk 01:14:35]} {[%emt
00:00:20]} 21. Bd3 {[%clk 00:22:58]} {[%emt 00:01:02]} O-O {[%clk 01:13:03]}
{[%emt 00:02:03]} 22. Kd1 {[%clk 00:21:05]} {[%emt 00:02:24]} Bg4 {[%clk
01:11:28]} {[%emt 00:02:04]} 23. Be2 {[%clk 00:20:49]} {[%emt 00:00:46]} Rfa8
{[%clk 01:10:56]} {[%emt 00:01:02]} 24. h3 {[%clk 00:18:27]} {[%emt 00:02:53]}
Bh5 {[%clk 01:10:59]} {[%emt 00:00:26]} 25. Kd2 {[%clk 00:16:33]} {[%emt
00:02:24]} Be7 {[%clk 01:10:51]} {[%emt 00:00:38]} 26. Kc3 {[%clk 00:15:21]}
{[%emt 00:01:43]} R8a3 {[%clk 01:09:45]} {[%emt 00:01:36]} 27. Kd2 {[%clk
00:14:26]} {[%emt 00:01:25]} Bxf3 {[%clk 01:09:06]} {[%emt 00:01:08]} 28. gxf3
{[%clk 00:14:45]} {[%emt 00:00:11]} Bg5 {[%clk 01:08:46]} {[%emt 00:00:51]} 29.
f4 {[%clk 00:15:02]} {[%emt 00:00:12]} Bf6 {[%clk 01:09:05]} {[%emt 00:00:11]}
30. f5 {[%clk 00:10:56]} {[%emt 00:04:37]} Bg5 {[%clk 01:09:14]} {[%emt
00:00:21]} 31. f4 {[%clk 00:10:42]} {[%emt 00:00:44]} Rxg3 {[%clk 01:09:34]}
{[%emt 00:00:10]} 32. fxg5 {[%clk 00:10:59]} {[%emt 00:00:13]} Rxg5 {[%clk
01:10:01]} {[%emt 00:00:02]} 33. Kc3 {[%clk 00:10:57]} {[%emt 00:00:33]} Na6
{[%clk 01:08:41]} {[%emt 00:01:49]} 34. Rhe1 {[%clk 00:09:48]} {[%emt
00:01:39]} Ra3 {[%clk 01:08:15]} {[%emt 00:00:56]} 35. Kb2 {[%clk 00:08:42]}
{[%emt 00:01:36]} Rxh3 {[%clk 01:07:18]} {[%emt 00:01:27]} 36. Ra1 {[%clk
00:07:20]} {[%emt 00:01:52]} Re3 {[%clk 00:51:13]} {[%emt 00:16:35]} 37. Rxa6
{[%clk 00:06:17]} {[%emt 00:01:34]} Rg2 {[%clk 00:49:07]} {[%emt 00:02:36]} 38.
Bf1 {[%clk 00:06:23]} {[%emt 00:00:24]} Rxc2 {[%clk 00:49:00]} {[%emt
00:00:35]} 39. Kxc2 {[%clk 00:06:23]} {[%emt 00:00:31]} Rxe1 {[%clk 00:49:26]}
{[%emt 00:00:03]} 40. Bd3 {[%clk 00:06:25]} {[%emt 00:00:29]} g6 {[%clk
00:48:40]} {[%emt 00:01:15]} 41. Rxc6 {[%clk 00:06:35]} {[%emt 00:00:20]} gxf5
{[%clk 00:48:43]} {[%emt 00:00:27]} 42. Rxh6 {[%clk 00:04:42]} {[%emt
00:02:23]} Kg7 {[%clk 00:48:24]} {[%emt 00:00:48]} 43. Rh5 {[%clk 00:02:52]}
{[%emt 00:02:21]} Re5 {[%clk 00:48:21]} {[%emt 00:00:32]} 44. Bxb5 {[%clk
00:30:04]} {[%emt 00:03:19]} d4 {[%clk 01:18:20]} {[%emt 00:00:31]} 45. Bd3
{[%clk 00:29:50]} {[%emt 00:00:44]} Rc5 {[%clk 01:18:32]} {[%emt 00:00:17]} 46.
Kd2 {[%clk 00:29:07]} {[%emt 00:01:13]} Re5 {[%clk 01:18:54]} {[%emt 00:00:08]}
47. Rh4 {[%clk 00:28:30]} {[%emt 00:01:08]} Rd5 {[%clk 01:18:39]} {[%emt
00:00:45]} 48. Bc4 {[%clk 00:27:16]} {[%emt 00:01:45]} Rd6 {[%clk 01:18:44]}
{[%emt 00:00:23]} 49. Be2 {[%clk 00:25:38]} {[%emt 00:02:10]} Kf6 {[%clk
01:18:36]} {[%emt 00:00:37]} 50. Kd3 {[%clk 00:23:14]} {[%emt 00:02:54]} Kg5
{[%clk 01:18:34]} {[%emt 00:00:32]} 51. Rh5 {[%clk 00:22:24]} {[%emt 00:01:20]}
Kg6 {[%clk 01:18:35]} {[%emt 00:00:28]} 52. Rh3 {[%clk 00:21:56]} {[%emt
00:00:58]} f4 {[%clk 01:18:18]} {[%emt 00:00:48]} 53. Ke4 {[%clk 00:20:00]}
{[%emt 00:02:26]} Re6 {[%clk 01:18:43]} {[%emt 00:00:05]} 54. Kf3 {[%clk
00:20:16]} {[%emt 00:00:14]} Re3 {[%clk 01:18:56]} {[%emt 00:00:17]} 55. Kg4
{[%clk 00:20:05]} {[%emt 00:00:42]} Rxe2 {[%clk 01:18:43]} {[%emt 00:00:43]}
56. Kxf4 {[%clk 00:20:12]} {[%emt 00:00:23]} Rd2 {[%clk 01:18:53]} {[%emt
00:00:19]} 57. Rg3 {[%clk 00:19:28]} {[%emt 00:01:15]} Kf6 {[%clk 01:19:13]}
{[%emt 00:00:10]} 58. Ke4 {[%clk 00:19:15]} {[%emt 00:00:43]} d3 {[%clk
01:19:28]} {[%emt 00:00:14]} 59. Ke3 {[%clk 00:18:33]} {[%emt 00:01:13]} Rd1
{[%clk 01:19:20]} {[%emt 00:00:38]} 60. Rg4 {[%clk 00:17:18]} {[%emt 00:01:45]}
Ke5 {[%clk 01:18:44]} {[%emt 00:01:05]} 61. Re4 {[%clk 00:17:02]} {[%emt
00:00:47]} Kf5 {[%clk 01:18:57]} {[%emt 00:00:17]} 62. Rf4 {[%clk 00:16:59]}
{[%emt 00:00:33]} Kg6 {[%clk 01:19:04]} {[%emt 00:00:22]} 63. Rg4 {[%clk
00:17:11]} {[%emt 00:00:18]} Kf6 {[%clk 01:18:54]} {[%emt 00:00:40]} 1/2-1/2

[Event "DVM U12 2022"]
[Site "München GER"]
[Date "2022.12.30"]
[Round "7"]
[White "Limmer, Marco"]
[Black "Bock, Leonas"]
[Result "1-0"]
[Termination "normal"]
[Board "2.2"]
[WhiteElo "1843"]
[BlackElo "1284"]
[WhiteClock "00:54:40"]
[BlackClock "00:03:23"]
[WhiteTeam "TV Tegernsee"]
[BlackTeam "SSV Vimaria 91 Weimar"]
[PlyCount "49"]
[WhiteFideId "34603506"]
[BlackFideId "16287118"]
[EventCountry "GER"]
[EventRounds "7"]
[EventType "team-swiss"]
[EventDate "2022.12.26"]

1. e4 {[%clk 01:30:59]} e6 {[%clk 01:30:33]} {[%emt 00:00:27]} 2. d3 {[%clk
01:31:20]} {[%emt 00:00:09]} d5 {[%clk 01:30:48]} {[%emt 00:00:15]} 3. Nd2
{[%clk 01:31:44]} {[%emt 00:00:06]} c5 {[%clk 01:30:55]} {[%emt 00:00:23]} 4.
Ngf3 {[%clk 01:31:08]} {[%emt 00:01:06]} Nc6 {[%clk 01:30:44]} {[%emt
00:00:39]} 5. g3 {[%clk 01:31:25]} {[%emt 00:00:15]} g6 {[%clk 01:20:07]}
{[%emt 00:11:06]} 6. Bg2 {[%clk 01:30:14]} {[%emt 00:01:42]} Bg7 {[%clk
01:18:58]} {[%emt 00:01:39]} 7. O-O {[%clk 01:30:00]} {[%emt 00:00:44]} Nge7
{[%clk 01:19:10]} {[%emt 00:00:17]} 8. Re1 {[%clk 01:29:26]} {[%emt 00:01:04]}
O-O {[%clk 01:18:25]} {[%emt 00:01:15]} 9. Qe2 {[%clk 01:28:53]} {[%emt
00:01:03]} Qc7 {[%clk 01:15:36]} {[%emt 00:03:19]} 10. Nf1 {[%clk 01:27:12]}
{[%emt 00:02:11]} Re8 {[%clk 01:10:48]} {[%emt 00:05:15]} 11. e5 {[%clk
01:20:46]} {[%emt 00:06:59]} Bd7 {[%clk 01:06:41]} {[%emt 00:04:36]} 12. Bf4
{[%clk 01:16:28]} {[%emt 00:04:48]} Qb6 {[%clk 00:52:54]} {[%emt 00:14:13]} 13.
c3 {[%clk 01:13:30]} {[%emt 00:03:32]} Rac8 {[%clk 00:44:16]} {[%emt 00:09:07]}
14. Ne3 {[%clk 01:10:32]} {[%emt 00:03:29]} Red8 {[%clk 00:27:26]} {[%emt
00:17:20]} 15. Ng4 {[%clk 01:06:33]} {[%emt 00:04:29]} h5 {[%clk 00:15:50]}
{[%emt 00:12:06]} 16. Nf6 {[%clk 01:04:19]} {[%emt 00:02:44]} Bxf6 {[%clk
00:15:44]} {[%emt 00:00:35]} 17. exf6 {[%clk 01:04:37]} {[%emt 00:00:12]} Nf5
{[%clk 00:16:07]} {[%emt 00:00:07]} 18. h3 {[%clk 01:03:54]} {[%emt 00:01:14]}
Re8 {[%clk 00:08:33]} {[%emt 00:08:03]} 19. g4 {[%clk 00:59:21]} {[%emt
00:05:03]} hxg4 {[%clk 00:08:32]} {[%emt 00:00:31]} 20. hxg4 {[%clk 00:59:38]}
{[%emt 00:00:13]} e5 {[%clk 00:08:07]} {[%emt 00:00:54]} 21. Nxe5 {[%clk
00:55:25]} {[%emt 00:04:43]} Nxe5 {[%clk 00:08:17]} {[%emt 00:00:20]} 22. Bxe5
{[%clk 00:55:46]} {[%emt 00:00:10]} Nd6 {[%clk 00:08:13]} {[%emt 00:00:34]} 23.
Qe3 {[%clk 00:55:15]} {[%emt 00:01:01]} Bxg4 {[%clk 00:05:55]} {[%emt
00:02:47]} 24. Qf4 {[%clk 00:54:35]} {[%emt 00:01:11]} Nf5 {[%clk 00:03:23]}
{[%emt 00:03:02]} 25. Qxg4 {[%clk 00:54:40]} {[%emt 00:00:26]} 1-0

[Event "DVM U12 2022"]
[Site "München GER"]
[Date "2022.12.30"]
[Round "7"]
[White "Kalinin, Alexej"]
[Black "Greive, Jakob"]
[Result "0-1"]
[Termination "normal"]
[Board "2.3"]
[WhiteElo "1330"]
[BlackElo "1600"]
[WhiteClock "00:29:17"]
[BlackClock "00:22:17"]
[WhiteTeam "SSV Vimaria 91 Weimar"]
[BlackTeam "TV Tegernsee"]
[PlyCount "57"]
[WhiteFideId "34617167"]
[BlackFideId "34603476"]
[EventCountry "GER"]
[EventRounds "7"]
[EventType "team-swiss"]
[EventDate "2022.12.26"]

1. d4 {[%clk 01:30:52]} {[%emt 00:00:07]} d5 {[%clk 01:30:55]} {[%emt
00:00:05]} 2. Nf3 {[%clk 01:31:00]} {[%emt 00:00:22]} e6 {[%clk 01:31:07]}
{[%emt 00:00:18]} 3. e3 {[%clk 01:31:00]} {[%emt 00:00:30]} f5 {[%clk
01:31:23]} {[%emt 00:00:15]} 4. Bd3 {[%clk 01:30:48]} {[%emt 00:00:41]} Nf6
{[%clk 01:31:17]} {[%emt 00:00:36]} 5. O-O {[%clk 01:30:13]} {[%emt 00:01:06]}
Bd6 {[%clk 01:30:59]} {[%emt 00:00:48]} 6. b3 {[%clk 01:29:05]} {[%emt
00:01:38]} O-O {[%clk 01:30:36]} {[%emt 00:00:52]} 7. Bb2 {[%clk 01:28:55]}
{[%emt 00:00:42]} Bd7 {[%clk 01:30:23]} {[%emt 00:00:42]} 8. Nbd2 {[%clk
01:26:48]} {[%emt 00:02:37]} Be8 {[%clk 01:29:49]} {[%emt 00:01:04]} 9. Ne5
{[%clk 01:26:44]} {[%emt 00:00:33]} Bh5 {[%clk 01:25:29]} {[%emt 00:04:49]} 10.
Be2 {[%clk 01:25:54]} {[%emt 00:01:20]} Bxe2 {[%clk 01:24:44]} {[%emt
00:01:16]} 11. Qxe2 {[%clk 01:25:58]} {[%emt 00:00:26]} Nbd7 {[%clk 01:23:40]}
{[%emt 00:01:34]} 12. Ndf3 {[%clk 01:25:13]} {[%emt 00:01:15]} c6 {[%clk
01:18:50]} {[%emt 00:05:19]} 13. h3 {[%clk 01:11:50]} {[%emt 00:13:55]} Qc7
{[%clk 01:16:15]} {[%emt 00:03:05]} 14. Rad1 {[%clk 01:10:58]} {[%emt
00:01:21]} Bxe5 {[%clk 01:15:06]} {[%emt 00:01:38]} 15. dxe5 {[%clk 01:10:21]}
{[%emt 00:01:07]} Ne4 {[%clk 01:13:43]} {[%emt 00:01:53]} 16. Rc1 {[%clk
00:53:28]} {[%emt 00:17:23]} f4 {[%clk 01:08:11]} {[%emt 00:06:02]} 17. Qd3
{[%clk 00:38:30]} {[%emt 00:15:29]} Rae8 {[%clk 00:50:06]} {[%emt 00:18:34]}
18. c4 {[%clk 00:35:50]} {[%emt 00:03:11]} Qa5 {[%clk 00:42:15]} {[%emt
00:08:18]} 19. a3 {[%clk 00:26:14]} {[%emt 00:10:09]} Qb6 {[%clk 00:35:51]}
{[%emt 00:06:54]} 20. c5 {[%clk 00:12:53]} {[%emt 00:13:51]} Ndxc5 {[%clk
00:33:38]} {[%emt 00:02:43]} 21. Qe2 {[%clk 00:08:45]} {[%emt 00:04:38]} Nxb3
{[%clk 00:32:42]} {[%emt 00:01:25]} 22. Rc2 {[%clk 00:08:03]} {[%emt 00:01:13]}
fxe3 {[%clk 00:31:09]} {[%emt 00:02:03]} 23. fxe3 {[%clk 00:07:41]} {[%emt
00:00:52]} Ng3 {[%clk 00:31:11]} {[%emt 00:00:27]} 24. Qd3 {[%clk 00:04:21]}
{[%emt 00:03:51]} Nxf1 {[%clk 00:29:43]} {[%emt 00:01:58]} 25. Kxf1 {[%clk
00:04:41]} {[%emt 00:00:11]} Nc5 {[%clk 00:28:09]} {[%emt 00:02:00]} 26. Qe2
{[%clk 00:02:00]} {[%emt 00:03:14]} Ne4 {[%clk 00:27:48]} {[%emt 00:00:51]} 27.
Kg1 {[%clk 00:02:07]} {[%emt 00:00:23]} Ng3 {[%clk 00:24:37]} {[%emt 00:03:41]}
28. Qd3 {[%clk 00:00:35]} {[%emt 00:02:03]} Nf5 {[%clk 00:22:17]} {[%emt
00:02:48]} 29. Re2 {[%clk 00:29:17]} {[%emt 00:01:47]} 0-1